Bad news for outlaws : (Record no. 3580)

MARC details
000 -LEADER
fixed length control field 01998cam a2200421 a 4500
005 - DATE AND TIME OF LATEST TRANSACTION
control field 20240321121859.0
020 ## - INTERNATIONAL STANDARD BOOK NUMBER
International Standard Book Number 9780545342551
040 ## - CATALOGING SOURCE
Original cataloging agency DLC
Transcribing agency DLC
Modifying agency QBX
-- BTCTA
-- BAKER
-- IK2
-- TEF
-- EHH
-- XL4
-- YDXCP
-- IAD
-- OCLCA
-- DLC
Language of cataloging eng
050 00 - LIBRARY OF CONGRESS CALL NUMBER
Classification number F697.R44
082 00 - DEWEY DECIMAL CLASSIFICATION NUMBER
Classification number 363.282092
100 1# - MAIN ENTRY--PERSONAL NAME
Personal name Nelson, Vaunda Micheaux
245 10 - TITLE STATEMENT
Title Bad news for outlaws :
Remainder of title the remarkable life of Bass Reeves, deputy U.S. marshal /
Statement of responsibility, etc. Vaunda Micheaux Nelson ; illustrations by R. Gregory Christie
250 ## - EDITION STATEMENT
Edition statement First Scholastic printing , January 2011
260 ## - PUBLICATION, DISTRIBUTION, ETC.
Place of publication, distribution, etc. New York :
Name of publisher, distributor, etc. Scholastic ,
Date of publication, distribution, etc. 2009
300 ## - PHYSICAL DESCRIPTION
Extent 44 unnumbered pages :
Other physical details color illustrations ,
Dimensions 28 cm .
505 ## - FORMATTED CONTENTS NOTE
Formatted contents note Z <br/>
520 ## - SUMMARY, ETC.
Summary, etc. This biography profiles the life of Bass Reeves, a former slave who was recruited as a deputy United States Marshal in the area that was to become Oklahoma.
521 8# - TARGET AUDIENCE NOTE
Target audience note 860 <br/>
Source Lexile <br/>
521 8# - TARGET AUDIENCE NOTE
Target audience note Z <br/>
Source Raz-Plus <br/>
650 #0 - SUBJECT ADDED ENTRY--TOPICAL TERM
Topical term or geographic name entry element United States marshals
Geographic subdivision Indian Territory
Form subdivision Biography
-- Juvenile literature.
650 #0 - SUBJECT ADDED ENTRY--TOPICAL TERM
Topical term or geographic name entry element United States marshals
Geographic subdivision Oklahoma
Form subdivision Biography
-- Juvenile literature.
650 #0 - SUBJECT ADDED ENTRY--TOPICAL TERM
Topical term or geographic name entry element African Americans
Geographic subdivision Oklahoma
Form subdivision Biography
-- Juvenile literature.
650 #0 - SUBJECT ADDED ENTRY--TOPICAL TERM
Topical term or geographic name entry element Freedmen
Geographic subdivision Oklahoma
Form subdivision Biography
-- Juvenile literature.
650 #0 - SUBJECT ADDED ENTRY--TOPICAL TERM
Topical term or geographic name entry element Frontier and pioneer life
Geographic subdivision Oklahoma
Form subdivision Juvenile literature.
650 #0 - SUBJECT ADDED ENTRY--TOPICAL TERM
Topical term or geographic name entry element Outlaws
Geographic subdivision Indian Territory
General subdivision History
Form subdivision Juvenile literature.
650 #0 - SUBJECT ADDED ENTRY--TOPICAL TERM
Topical term or geographic name entry element Outlaws
Geographic subdivision Oklahoma
General subdivision History
Form subdivision Juvenile literature.
650 #1 - SUBJECT ADDED ENTRY--TOPICAL TERM
Topical term or geographic name entry element United States marshals
Geographic subdivision Indian Territory
Form subdivision Biography.
650 #1 - SUBJECT ADDED ENTRY--TOPICAL TERM
Topical term or geographic name entry element United States marshals
Geographic subdivision Oklahoma
Form subdivision Biography.
650 #1 - SUBJECT ADDED ENTRY--TOPICAL TERM
Topical term or geographic name entry element African Americans
Geographic subdivision Oklahoma
Form subdivision Biography.
650 #1 - SUBJECT ADDED ENTRY--TOPICAL TERM
Topical term or geographic name entry element Freed persons
Geographic subdivision Oklahoma
Form subdivision Biography.
650 #1 - SUBJECT ADDED ENTRY--TOPICAL TERM
Topical term or geographic name entry element Frontier and pioneer life
Geographic subdivision Oklahoma.
650 #1 - SUBJECT ADDED ENTRY--TOPICAL TERM
Topical term or geographic name entry element Robbers and outlaws
Geographic subdivision Indian Territory
General subdivision History.
650 #1 - SUBJECT ADDED ENTRY--TOPICAL TERM
Topical term or geographic name entry element Robbers and outlaws
Geographic subdivision Oklahoma
General subdivision History.
700 1# - ADDED ENTRY--PERSONAL NAME
Personal name Christie, R. Gregory
Dates associated with a name 1971-
Relator term illustrator
906 ## - LOCAL DATA ELEMENT F, LDF (RLIN)
a 7
b cbc
c orignew
d 1
e ecip
f 20
g y-gencatlg
942 ## - ADDED ENTRY ELEMENTS (KOHA)
Koha item type Books
Source of classification or shelving scheme Dewey Decimal Classification
Suppress in OPAC No
999 ## -
-- 3580
-- 3580
Holdings
Withdrawn status Lost status Source of classification or shelving scheme Damaged status Not for loan Collection Home library Current library Shelving location Date acquired Total Checkouts Full call number Barcode Date last seen Price effective from Koha item type
    Dewey Decimal Classification     Non-Fiction Footprints International School Library Network Toul Kork Campus Footprints International School Library Network Toul Kork Campus TTP Secondary Non-Fiction Bookshelves 03/21/2024   NEL 363.282092 F697.R44 FIS04664 03/21/2024 03/21/2024 Books